Animals Trivia - Groups of Five - Statistics

General Stats
  • This quiz has been taken 1,229 times
  • The average score is 21 of 40
Answer Stats
Group Answer % Correct
Most Consumed Animal Meats Chicken
91%
Most Consumed Animal Meats Beef
89%
Most Consumed Animal Meats Pork
86%
Most Popular Dog Breeds Labrador Retriever
82%
Most Common National Animals Lion
78%
Countries with the Most Species Brazil
76%
Five Main Vertebrates Groups Fish
75%
Most Common National Animals Eagle
74%
Heaviest Land Mammals Hippopotamus
72%
Animals that Kills the Most Humans per Year Dogs
71%
Most Consumed Animal Meats Lamb
70%
Most Common National Animals Tiger
69%
Heaviest Land Mammals White Rhinoceros
69%
Most Common National Animals Bear
63%
Most Popular Dog Breeds Golden Retriever
63%
Five Main Vertebrates Groups Mammals
62%
Most Popular Dog Breeds German Shepherd
61%
Five Main Vertebrates Groups Birds
58%
Countries with the Most Species China
56%
Animals that Kills the Most Humans per Year Mosquitoes
55%
Animals that Kills the Most Humans per Year Snakes
55%
Five Main Vertebrates Groups Reptiles
53%
Heaviest Land Mammals African Elephant
51%
Heaviest Land Mammals African Forest Elephant
51%
Countries with the Most Species Indonesia
51%
Countries with the Most Species Colombia
45%
Largest Fish (Weight) Whale Shark
44%
Five Main Vertebrates Groups Amphibians
43%
Largest Fish (Weight) Great White Shark
41%
Countries with the Most Species Peru
41%
Heaviest Land Mammals Asian Elephant
35%
Most Popular Dog Breeds Bulldog
35%
Most Consumed Animal Meats Goat
35%
Most Popular Dog Breeds Siberian Husky
24%
Most Common National Animals Wolf
24%
Largest Fish (Weight) Tiger Shark
22%
Animals that Kills the Most Humans per Year Humans
20%
Animals that Kills the Most Humans per Year Tsetse Flies
15%
Largest Fish (Weight) Basking Shark
14%
Largest Fish (Weight) Giant Manta Ray
7%
No matching quizzes found
Score Distribution
Percent of People with Each Score
Percentile by Number Answered
Your Score History
You have not taken this quiz